Vista normal
Vista MARC
Entrada Corporate Name
Número de registros utilizados en: 1
001 - CONTROL NUMBER
- control field: 52859
003 - CONTROL NUMBER IDENTIFIER
- control field: OSt
005 - DATE AND TIME OF LATEST TRANSACTION
- control field: 20241126093740.0
008 - FIXED-LENGTH DATA ELEMENTS
- fixed length control field: 241126|| aca||aabn | a|a d
040 ## - CATALOGING SOURCE
- Original cataloging agency: OSt
- Transcribing agency: OSt
110 ## - HEADING--CORPORATE NAME
- Corporate name or jurisdiction name as entry element: Organización de las Naciones para la Agricultura y la Alimentación
670 ## - SOURCE DATA FOUND
- Source citation: Work cat.: (OSt)47852: Organización de las Naciones para la Agricultura y la Alimentación, Contribución de las gestión agrícola al desarrollo del sistema de financiación en el medio rural